[Event "Novokuznetsk op"]
[Site "Novokuznetsk"]
[Date "2008.12.07"]
[Round "7"]
[White "Kokunin, Sergey"]
[Black "Medvedev, Emelian"]
[Result "0-1"]
[WhiteElo "2136"]
[BlackElo "2046"]
[PlyCount "76"]
[EventDate "2008.11.22"]
[EventType "swiss"]
[EventRounds "9"]
[EventCountry "RUS"]
[SourceTitle "CBM 127 Extra"]
[Source "ChessBase"]
[SourceDate "2009.01.08"]
[SourceVersion "2"]
[SourceVersionDate "2009.01.28"]
[SourceQuality "1"]

1. e4 c5 2. d4 cxd4 3. c3 dxc3 4. Nxc3 Nc6 5. Bc4 e6 6. Nf3 Nge7 7. 0-0 Ng6 8. Qe2 Be7 9. Rd1 0-0 10. a3 a6 11. Be3 b5 12. Ba2 Bb7 13. g3 Qc7 14. Rac1 d6 15. h4 Qa5 16. Bg5 Rad8 17. Bxe7 Ngxe7 18. Rd2 Ne5 19. Nd4 N7c6 20. Nxc6 Nxc6 21. Qd1 Qc7 22. Nd5 exd5 23. exd5 Qd7 24. dxc6 Bxc6 25. Bd5 Bxd5 26. Rxd5 Rfe8 27. Qd4 Re6 28. Qb6 Re5 29. Rdd1 h6 30. Qxa6 d5 31. Qb6 d4 32. Rd3 Qd5 33. Rcd1 Rde8 34. Kh2 Re1 35. Rxe1 Rxe1 36. f3 Re2+ 37. Kg1 Qe5 38. Qxd4 Qxg3+ 0-1

[Event "Novokuznetsk op"]
[Site "Novokuznetsk"]
[Date "2008.11.30"]
[Round "5"]
[White "Kokunin, Sergey"]
[Black "Popov, Yury"]
[Result "1-0"]
[WhiteElo "2136"]
[BlackElo "2039"]
[PlyCount "67"]
[EventDate "2008.11.22"]
[EventType "swiss"]
[EventRounds "9"]
[EventCountry "RUS"]
[SourceTitle "CBM 127 Extra"]
[Source "ChessBase"]
[SourceDate "2009.01.08"]
[SourceVersion "2"]
[SourceVersionDate "2009.01.28"]
[SourceQuality "1"]

1. e4 e6 2. d4 d5 3. Nd2 c6 4. c3 Nd7 5. Bd3 Nb6 6. Ne2 g6 7. h4 Nf6 8. e5 Nh5 9. Nf3 Be7 10. Bh6 Rg8 11. g4 Ng7 12. Ng5 Bxg5 13. Bxg5 Qc7 14. Ng3 c5 15. Qd2 Bd7 16. Bf6 cxd4 17. cxd4 Nc4 18. Bxc4 dxc4 19. h5 gxh5 20. Bxg7 Rxg7 21. Nxh5 Rg6 22. Nf6+ Rxf6 23. exf6 0-0-0 24. Rxh7 Bc6 25. Qe3 Qa5+ 26. Qd2 Qa4 27. Qc3 Be4 28. Rxf7 Rh8 29. b3 Qe8 30. Rg7 Rh1+ 31. Kd2 Rxa1 32. Qxa1 Qh8 33. Qc3 Qh6+ 34. g5 1-0

[Event "Novokuznetsk-ch op"]
[Site "Novokuznetsk"]
[Date "2007.11.24"]
[Round "8"]
[White "Filimonov, Alexey"]
[Black "Kokunin, Sergey"]
[Result "1-0"]
[WhiteElo "2236"]
[BlackElo "2131"]
[PlyCount "29"]
[EventDate "2007.11.24"]
[EventType "swiss"]
[EventRounds "9"]
[EventCountry "RUS"]
[SourceTitle "EXT 2022"]
[Source "ChessBase"]
[SourceDate "2021.10.06"]
[SourceVersion "1"]
[SourceVersionDate "2021.10.06"]
[SourceQuality "1"]

1. e4 c5 2. c3 d5 3. exd5 Qxd5 4. d4 Nc6 5. Nf3 Bg4 6. Be2 cxd4 7. cxd4 e6 8. Nc3 Bb4 9. 0-0 Bxc3 10. bxc3 Nge7 11. h3 Bh5 12. Rb1 Qxa2 13. Rxb7 0-0 14. Rb2 Qa3 15. Rb5 1-0

[Event "Novokuznetsk-ch op"]
[Site "Novokuznetsk"]
[Date "2007.11.24"]
[Round "4"]
[White "Vladimirov, Mikhail"]
[Black "Kokunin, Sergey"]
[Result "0-1"]
[WhiteElo "2187"]
[BlackElo "2131"]
[PlyCount "92"]
[EventDate "2007.11.24"]
[EventType "swiss"]
[EventRounds "9"]
[EventCountry "RUS"]
[SourceTitle "EXT 2022"]
[Source "ChessBase"]
[SourceDate "2021.10.06"]
[SourceVersion "1"]
[SourceVersionDate "2021.10.06"]
[SourceQuality "1"]

1. d4 Nf6 2. c4 e6 3. g3 c5 4. d5 exd5 5. cxd5 d6 6. Bg2 Be7 7. Nf3 0-0 8. 0-0 b5 9. Re1 Re8 10. a4 Bb7 11. e4 Bf8 12. Nbd2 a6 13. b3 Nbd7 14. Bb2 g6 15. Bf1 Qb6 16. Rb1 Bg7 17. Qe2 Bxd5 18. axb5 Bxe4 19. Nxe4 Rxe4 20. Qd3 Rxe1 21. Rxe1 axb5 22. Ng5 h6 23. Nf3 Ra2 24. Qb1 Qa5 25. Rd1 d5 26. b4 cxb4 27. Nd4 Ne4 28. Nc6 Qb6 29. Ne7+ Kh7 30. Bd4 Bxd4 31. Qxa2 Bxf2+ 32. Kg2 Nc3 33. Qa8 Nf6 34. Rd3 Qe6 35. Nc6 Bc5 36. Rf3 Nd1 37. Bd3 Ne3+ 38. Kh1 Qh3 39. Qa2 Qe6 40. Qf2 Kg7 41. Nxb4 Qe5 42. Nc2 Nxc2 43. Qxc5 Ne1 44. Qe3 Nxf3 45. Qxf3 b4 46. Kg2 b3 0-1